Catalog

Record Details

Catalog Search



Wireless Network Security Theories and Applications  Cover Image E-book E-book

Wireless Network Security [electronic resource] : Theories and Applications / by Lei Chen, Jiahuang Ji, Zihong Zhang.

Chen, Lei. (author.). Ji, Jiahuang. (author.). Zhang, Zihong. (author.). SpringerLink (Online service) (Added Author).

Record details

  • ISBN: 9783642365119
  • Physical Description: X, 274 p. online resource.
  • Publisher: Berlin, Heidelberg : Springer Berlin Heidelberg : 2013.
Subject: Computer science.
Computer Communication Networks.
Data encryption (Computer science).
Telecommunication.
Computer Science.
Computer Communication Networks.
Data Encryption.
Communications Engineering, Networks.

Electronic resources


LDR 01572nam a22004215i 4500
00133253
003CONS
00520130828041236.0
007cr nn 008mamaa
008130823s2013 gw | s |||| 0|eng d
020 . ‡a9783642365119 ‡9978-3-642-36511-9
0247 . ‡a10.1007/978-3-642-36511-9 ‡2doi
035 . ‡a(DE-He213)978-3-642-36511-9
050 4. ‡aTK5105.5-5105.9
072 7. ‡aUKN ‡2bicssc
072 7. ‡aCOM075000 ‡2bisacsh
1001 . ‡aChen, Lei. ‡eauthor.
24510. ‡aWireless Network Security ‡h[electronic resource] : ‡bTheories and Applications / ‡cby Lei Chen, Jiahuang Ji, Zihong Zhang.
264 1. ‡aBerlin, Heidelberg : ‡bSpringer Berlin Heidelberg : ‡bImprint: Springer, ‡c2013.
300 . ‡aX, 274 p. ‡bonline resource.
336 . ‡atext ‡btxt ‡2rdacontent
337 . ‡acomputer ‡bc ‡2rdamedia
338 . ‡aonline resource ‡bcr ‡2rdacarrier
347 . ‡atext file ‡bPDF ‡2rda
650 0. ‡aComputer science.
650 0. ‡aComputer Communication Networks.
650 0. ‡aData encryption (Computer science).
650 0. ‡aTelecommunication.
65014. ‡aComputer Science.
65024. ‡aComputer Communication Networks.
65024. ‡aData Encryption.
65024. ‡aCommunications Engineering, Networks.
7001 . ‡aJi, Jiahuang. ‡eauthor.
7001 . ‡aZhang, Zihong. ‡eauthor.
7102 . ‡aSpringerLink (Online service)
7730 . ‡tSpringer eBooks
77608. ‡iPrinted edition: ‡z9783642365102
85640. ‡uhttp://biblioteca.ipicyt.edu.mx:2048/login?url=http://dx.doi.org/10.1007/978-3-642-36511-9 ‡yTexto completo ‡9CONS
950 . ‡aComputer Science (Springer-11645)
901 . ‡a33253 ‡b ‡c33253 ‡tbiblio ‡sSystem Local

Additional Resources